| 000 | 00709nam a2200205Ia 4500 | ||
|---|---|---|---|
| 003 | GCL | ||
| 008 | 140319s9999 xx 000 0 ara d | ||
| 020 | _a3315499977 | ||
| 040 |
_aGCL / _cGCL |
||
| 082 | 0 | 4 |
_a224.2 _bب ز |
| 100 | 1 | _aبكرى عبدالكريم | |
| 245 | 1 | 0 |
_aالزمن في القرآن الكريم : _bدراسة دلالية للأفعال الواردة فيه / _cبكرى عبدالكريم |
| 260 |
_aالقاهرة : _bدار الفجر للنشر والتوزيع ، _c2001 |
||
| 300 |
_a361 ص ؛ _c22 سم |
||
| 650 | 0 | 4 | _aالقران - اعراب |
| 650 | 0 | 4 | _aالقران - الفاظ |
| 650 | 0 | 4 | _aالقران |
| 650 | 0 | 4 | _aالقران - علوم |
| 942 |
_2ddc _cBK |
||
| 999 |
_c2223 _d2223 |
||